Statistics for Best Pictures by Runners-Up #2

Click here to take the quiz!

General Stats

  • This quiz has been taken 11 times
  • The average score is 7 of 20

Answer Stats

Runners-UpWinner% Correct
The Goodbye Girl; Star Wars; The Turning PointAnnie Hall
55%
Apollo 13; Babe; Sense and SensibilityBraveheart
55%
Mr. Smith Goes to Washington; Stagecoach; The Wizard of OzGone with the Wind
55%
All the President's Men; Network; Taxi DriverRocky
55%
Ghost; The Godfather Part III; GoodfellasDances with Wolves
45%
The Grand Budapest Hotel; Selma; The Theory of EverythingBirdman or (The Unexpected Virtue of Ignorance)
36%
Bonnie and Clyde; The Graduate; Guess Who's Coming to DinnerIn the Heat of the Night
36%
Coal Miner's Daughter; The Elephant Man; Raging BullOrdinary People
36%
The Big Chill; The Right Stuff; Tender MerciesTerms of Endearment
36%
Hugo; Midnight in Paris; MoneyballThe Artist
36%
The Cider House Rules; The Green Mile; The Sixth SenseAmerican Beauty
27%
Funny Girl; The Lion in Winter; Romeo and JulietOliver!
27%
Henry V; It's a Wonderful Life; The YearlingThe Best Years of Our Lives
27%
Letters from Iwo Jima; Little Miss Sunshine; The QueenThe Departed
27%
Lost in Translation; Master and Commander: The Far Side of the World; SeabiscuitThe Lord of the Rings: The Return of the King
27%
The Crying Game; A Few Good Men; Scent of a WomanUnforgiven
27%
The Guns of Navarone; The Hustler; Judgment at NurembergWest Side Story
27%
For Whom the Bell Tolls; Heaven Can Wait; Madame CurieCasablanca
18%
Mister Roberts; Picnic; The Rose TattooMarty
18%
Captains Courageous; The Good Earth; A Star is BornThe Life of Emile Zola
0%

Score Distribution

Percentile by Number Answered

Percent of People with Each Score

Your Score History

You have not taken this quiz